Paris : Si un parisien vous parle de ce lieu... - Statistiques

Statistiques générales
  • Ce quiz a été pris 68 fois
  • Le résultat moyen est 7 sur 20
Statistiques - réponses
Appellation usuelle Indices Appellation exacte % Correct
Cité Trévise D Cité {de} Trévise
95%
Place de l'Etoile CDG Place {Charles}-{de}-{Gaulle}
86%
Boul'Mich SM Boulevard {Saint}-{Michel}
78%
Place Clichy DC Place {de} {Clichy}
72%
Place de Rio DJ Place de Rio-{de}-{Janeiro}
72%
Quai d'Issy LM Quai d'Issy-{les}-{Moulineaux}
72%
Quai Kennedy PK Avenue du {Président}-{Kennedy}
65%
Esplanade du Trocadéro DDLH Parvis des {Droits}-{de}-{l'}-{homme}
46%
Parvis de Beaubourg GP Place {Georges}-{Pompidou}
35%
Rue Louvel-Tessier J Rue {Jacques} Louvel-Tessier
32%
Place du Trocadéro EDN Place du Trocadéro-{et}-{du}-11-{novembre}
22%
Parvis de Notre-Dame JP Parvis de Notre-Dame-Place-{Jean-Paul]-II
14%
Passerelle du jardin de Reuilly AL Passerelle {André}-{Léo}
11%
Passerelle Solférino LSS Passerelle {Léopold}-{Sédar}-{Senghor}
9%
Place d'Alésia VEHB Place {Victor}-{et}-{Hélène}-{Basch}
3%
Rond-point des Champs-Elysées MD Rond-point des Champs-Elysées-{Marcel}-{Dassault}
3%
Carrefour de la Croix-rouge MD Place {Michel}-{Debré}
2%
Passage Rebière RV Passage {Rose}-{Valland}
0%
Passerelle de l'Arsenal M Passerelle de {Mornay}
0%
Place de l'Hôtel-de-ville LL Place de l'Hôtel-de-ville-Esplanade de {la} {Libération}
0%
Aucun quiz correspondant
Distribution des résultats
% des personnes avec chaque résultat
Percentile par nombre de réponses
Votre historique - résultats
Vous n’avez pas pris ce quiz